000
00209nam a2200085 4500
001
1300975
005
20260422110445.0
245
_a
ZAMAN YOLCULARI ÇANAKKALE SAVAŞINDA
_c
MUSTAFA ORAKÇI
260
_b
GENÇ TİMAŞ
999
_c
1300975
_d
1300975